| 000 | 00364nam a2200145Ia 4500 | ||
|---|---|---|---|
| 008 | 191201s1993 xx 000 0 und d | ||
| 082 |
_a677(540) _bMII |
||
| 100 | _aMISHRA, Sanjiv | ||
| 245 | 0 | _aIndian Textile Sector: A Policy Analysis | |
| 250 | _a1st | ||
| 260 |
_aN.Delhi _bSaga Publications _c1993 |
||
| 300 | _a278 | ||
| 650 | _aB.Tech(TE) | ||
| 942 |
_2ddc _cBK |
||
| 999 |
_c2580 _d2580 |
||